| 000 | 01092cam a22003377a 4500 | ||
|---|---|---|---|
| 003 | CHAP | ||
| 005 | 20220817044355.0 | ||
| 008 | 100913s2009 it rn 00010 fre d | ||
| 010 | _a99249 | ||
| 011 | _a100221 | ||
| 020 | _a9789052061861 | ||
| 035 | _a110907 | ||
| 040 | _cCHAP | ||
| 082 |
_a639.2 _bF41f v.12 |
||
| 245 | 0 | 0 |
_aInformation et partage des connaissances _c/by FAO |
| 260 |
_aRome : _bFAO, _c2009 |
||
| 300 | _axvii, 104 p. | ||
| 490 | 0 |
_aFAO. Orientaciones técnicas para la pesca responsable _v; 12 |
|
| 590 |
_aBATCH-UPD _b10 _c20130110 _lUCH01 _h1056 |
||
| 590 |
_aBATCH-UPD _b10 _c20130410 _lUCH01 _h0651 |
||
| 590 |
_aBATCH-UPD _b10 _c20130914 _lUCH01 _h1033 |
||
| 590 |
_aCONVERSION _b10 _c20130109 _lUCH01 _h1355 |
||
| 650 | 1 | 4 |
_aConocimiento, Teoría del. _927232 |
| 650 | 1 | 4 |
_aInformación. _958076 |
| 650 | 1 | 4 | _aPesca. |
| 650 | 1 | 4 |
_aSistema de información. _9106707 |
| 830 | 0 |
_aFAO. Orientaciones técnicas para la pesca responsable _v; 12 _939642 |
|
| 901 | _aBK | ||
| 942 | _cLIBRO | ||
| 949 |
_a639.2 F41f v.12 _bBC _cFAO _d33724002176710 _eFAO1 _h113419 _i110907 _sb |
||
| 999 |
_c99249 _d99249 |
||